[Event "IMSA Blitz Men 2019"]
[Site "Hengshui"]
[Date "2019.05.18"]
[Round "9.1"]
[White "Leko, Peter"]
[Black "Korobov, Anton"]
[Result "0-1"]
[WhiteElo "2674"]
[BlackElo "2687"]
[Annotator "ChessBase"]
[PlyCount "69"]
[EventDate "2019.05.17"]
[EventType "blitz"]
[EventCountry "CHN"]
[SourceTitle "playchess.com"]
[Source "ChessBase"]
[SourceQuality "1"]
[TimeControl "180+2"]

1. d4 {[%emt 0:00:00]} d5 {[%emt 0:00:00]} 2. c4 {[%emt 0:00:00]} c6 {[%emt 0:00:00]} 3. Nf3 {[%emt 0:00:01]} Nf6 {[%emt 0:00:00]} 4. e3 {[%emt 0:00:02]} Bf5 {[%emt 0:00:01]} 5. Nc3 {[%emt 0:00:02]} e6 {[%emt 0:00:01]} 6. Nh4 {[%emt 0:00:03]} Be4 {[%emt 0:00:02]} 7. f3 {[%emt 0:00:03]} Bg6 {[%emt 0:00:01]} 8. Qb3 {[%emt 0:00:02]} Qc7 {[%emt 0:00:01]} 9. Bd2 {[%emt 0:00:23]} Be7 {[%emt 0:00:02]} 10. cxd5 {[%emt 0:00:08]} exd5 {[%emt 0:00:03]} 11. Nxg6 {[%emt 0:00:06]} hxg6 {[%emt 0:00:02]} 12. O-O-O {[%emt 0:00:03]} Nbd7 {[%emt 0:00:13]} 13. Kb1 {[%emt 0:00:01]} b5 {[%emt 0:00:11]} 14. Rc1 {[%emt 0:00:06]} Qd6 {[%emt 0:00:01]} 15. Nd1 {[%emt 0:00:26]} O-O {[%emt 0:00:21]} 16. g4 {[%emt 0:00:06]} Nb6 {[%emt 0:00:04]} 17. g5 {[%emt 0:00:08]} Nc4 {[%emt 0:00:05]} 18. Be1 {[%emt 0:00:08]} Nh5 {[%emt 0:00:08]} 19. f4 {[%emt 0:00:17]} a5 {[%emt 0:00:03]} 20. Qc2 {[%emt 0:00:24]} a4 {[%emt 0:00:01]} 21. Bxc4 {[%emt 0:00:10]} bxc4 {[%emt 0:00:06]} 22. a3 {[%emt 0:00:01]} Rfb8 {[%emt 0:00:09]} 23. Ka1 {[%emt 0:00:09]} Rb3 {[%emt 0:00:03]} 24. Nc3 {[%emt 0:00:17]} Rab8 {[%emt 0:00:21]} 25. Rb1 {[%emt 0:00:03]} c5 {[%emt 0:00:01]} 26. dxc5 {[%emt 0:00:04]} Qxc5 {[%emt 0:00:01]} 27. Bf2 {[%emt 0:00:08]} Qa5 {[%emt 0:00:07]} 28. Be1 {[%emt 0:00:07]} d4 {[%emt 0:00:14]} 29. exd4 {[%emt 0:00:04]} Nxf4 {[%emt 0:00:02]} 30. Bg3 {[%emt 0:00:02]} Bd6 {[%emt 0:00:45]} 31. Rhf1 {[%emt 0:00:05]} Qxg5 {[%emt 0:00:01]} 32. Ne4 {[%emt 0:00:02]} Qf5 {[%emt 0:00:01]} 33. Bxf4 {[%emt 0:00:13]} Bxf4 {[%emt 0:00:02]} 34. d5 {[%emt 0:00:03]} c3 {[%emt 0:00:04]} 35. bxc3 0-1

[Event "IMSA Blitz Men 2019"]
[Site "Hengshui"]
[Date "2019.05.18"]
[Round "9.2"]
[White "Wang, Hao"]
[Black "Rapport, Richard"]
[Result "1/2-1/2"]
[WhiteElo "2735"]
[BlackElo "2736"]
[Annotator "TA"]
[PlyCount "51"]
[EventDate "2019.05.17"]
[EventType "blitz"]
[EventCountry "CHN"]
[SourceTitle "playchess.com"]
[Source "ChessBase"]
[SourceQuality "1"]

{[%evp 16,51,62,46,47,50,63,29,36,17,26,21,22,27,22,11,4,0,0,0,0,0,0,0,0,0,0,0,0,0,0,0,0,0,0,0,0,0]} 1. d4 e6 2. e4 d5 3. Nd2 dxe4 4. Nxe4 Bd7 5. Nf3 Bc6 6. Bd3 Nd7 7. c3 Ngf6 8. Nxf6+ Nxf6 9. O-O Bxf3 {C10: French with 3 Nc3: Unusual Black 3rd moves and 3...dxe4} (9... Bd6 10. Re1 O-O 11. h3 h6 12. Qe2 Re8 13. Ne5 Bxe5 14. Qxe5 Qd5 15. Qxd5 Nxd5 16. a3 b5 17. Bd2 {½-½ (57) Smagin,S (2551)-Pridorozhni,A (2579) Sochi 2016}) 10. Qxf3 Qd5 11. Qxd5 (11. Qe2 {keeps more tension.} Bd6 12. Be3 O-O 13. c4 Qh5 14. Qxh5 Nxh5 15. g3) 11... Nxd5 {White has an edge.} 12. Re1 O-O-O 13. Be4 c6 $146 ({Predecessor:} 13... h6 14. h4 Bd6 15. a3 Rhe8 16. g3 Nb6 {½-½ (44) Vogelmann,P-Kneutgen,A Cologne 1993}) 14. Bd2 h5 15. h4 {The position is equal.} g6 16. g3 (16. Bg5 {seems wilder.} Rd6 17. a4 a5 18. g3 Bh6 19. Kg2) 16... Bh6 17. Bxh6 Rxh6 18. Kg2 Rhh8 19. Rad1 Nf6 20. Bf3 Kc7 21. Kf1 Rd6 22. Re5 Nd7 23. Re3 Nf6 24. Re5 Nd7 25. Re3 Nf6 26. Re5 {Accuracy: White = 53%, Black = 89%.} 1/2-1/2

[Event "IMSA Blitz Men 2019"]
[Site "Hengshui"]
[Date "2019.05.18"]
[Round "9.2"]
[White "Bu, Xiangzhi"]
[Black "Dominguez Perez, Leinier"]
[Result "1-0"]
[WhiteElo "2729"]
[BlackElo "2750"]
[Annotator "TA"]
[PlyCount "93"]
[EventDate "2019.05.17"]
[EventType "blitz"]
[EventCountry "CHN"]
[SourceTitle "playchess.com"]
[Source "ChessBase"]
[SourceQuality "1"]

{[%evp 20,93,17,6,6,8,7,13,23,10,27,0,0,0,0,-20,0,0,0,0,-6,-4,-30,-63,-43,-34,-9,-9,0,-14,-18,-123,-124,-124,-87,-93,-90,-90,-111,-158,-100,-118,-56,-133,-129,-196,-85,-108,-106,-171,-56,-55,0,-69,0,0,479,314,432,414,1029,971,945,820,5531,5097,5398,5028,5043,679,755,712,5110,1177,4133,1177]} 1. Nf3 d5 2. d4 Nf6 3. c4 e6 4. Nc3 c5 5. cxd5 Nxd5 6. e4 Nxc3 7. bxc3 cxd4 8. cxd4 Bb4+ 9. Bd2 Bxd2+ 10. Qxd2 O-O 11. Rc1 b6 {D41: Queen's Gambit Declined: Semi-Tarrasch with 5 cxd5} 12. Bd3 Bb7 13. O-O (13. Qe3 Nc6 14. O-O Rc8 15. Bb1 Qe7 16. Rfd1 Na5 17. h4 Rxc1 18. Rxc1 Rc8 19. Rxc8+ Bxc8 {½-½ (29) Nakamura,H (2746)-Dominguez Perez,L (2739) Saint Louis 2019}) 13... Nd7 {The position is equal.} 14. Qf4 Nf6 15. h4 h6 16. Rfe1 $146 ({Predecessor:} 16. Rc3 Rc8 17. Ra3 a6 18. e5 Nd7 19. Nd2 {0-1 (42) Bellincampi,S (2009)-Barp,A (2424) Brixen Bressanone 2019}) 16... Rc8 17. e5 {Rxc8 is the strong threat.} Rxc1 18. Rxc1 Nh5 19. Qg4 Bxf3 20. gxf3 g6 21. a4 Ng7 22. Qf4 h5 23. Kg2 Qd7 24. Bb5 Qe7 25. Qf6 (25. Bd3 $11 {keeps the balance.}) 25... Qxf6 $17 26. exf6 {[%mdl 4096] Endgame KRB-KRN} Nf5 27. Rc7 Nxh4+ 28. Kg3 Nf5+ {[%mdl 64] Double Attack} 29. Kf4 Nxd4 (29... Rd8 $142 30. Bc6 h4) 30. Bd3 Kh7 (30... a5 $17 31. Rb7 Rd8) 31. Rxa7 ({White should try} 31. Rd7 $15 Nf5 32. Kg5) 31... Kh6 $1 32. Be4 (32. Rb7 $17 {keeps fighting.}) 32... Nb3 (32... Nf5 $1 $19 {and Black stays clearly on top. aiming for ...g5+.} 33. Rb7 Nd6 34. Rxb6 g5+ 35. Kg3 Nxe4+ 36. fxe4 Ra8) 33. Bc2 Nc5 34. Rc7 {[#]} (34. Re7 $17 {might work better.}) 34... g5+ (34... e5+ $1 $19 {[%mdl 512]} 35. Kg3 (35. Kxe5 h4) 35... Kg5) 35. Kg3 $15 e5 (35... Na6 $15 36. Rd7 Rc8) 36. Rc6 (36. Re7 $11) 36... Nd7 (36... h4+ $15 37. Kg2 Rd8 38. Rxb6 Nd3 39. Bxd3 Rxd3) 37. Rd6 Rc8 $2 {[%mdl 8192]} (37... Nc5 $11) 38. Bf5 $18 Rc4 39. Rxd7 {KRB-KR} ({Resist} 39. Bxd7 Rb4 $18) 39... g4 (39... Rf4 $142 40. Be4 Rxf6) 40. fxg4 {White is clearly winning.} Kg5 41. Rxf7 hxg4 42. Be6 Rc3+ 43. Kg2 Rf3 44. Rb7 {Hoping for f7.} Rxf6 45. Rxb6 e4 46. a5 g3 47. Kxg3 {Accuracy: White = 29%, Black = 32%.} 1-0

[Event "IMSA Blitz Men 2019"]
[Site "Hengshui"]
[Date "2019.05.18"]
[Round "9.2"]
[White "Le, Quang Liem"]
[Black "Ponomariov, Ruslan"]
[Result "0-1"]
[WhiteElo "2704"]
[BlackElo "2675"]
[Annotator "ChessBase"]
[PlyCount "57"]
[EventDate "2019.05.17"]
[EventType "blitz"]
[EventCountry "CHN"]
[SourceTitle "playchess.com"]
[Source "ChessBase"]
[SourceQuality "1"]
[TimeControl "180+2"]

1. e4 {[%emt 0:00:00]} c6 {[%emt 0:00:00]} 2. d4 {[%emt 0:00:00]} d5 {[%emt 0:00:00]} 3. e5 {[%emt 0:00:01]} c5 {[%emt 0:00:00]} 4. dxc5 {[%emt 0:00:01]} e6 {[%emt 0:00:01]} 5. a3 {[%emt 0:00:03]} Nc6 {[%emt 0:00:01]} 6. Nf3 {[%emt 0:00:05]} Bxc5 {[%emt 0:00:02]} 7. Bd3 {[%emt 0:00:02]} f6 {[%emt 0:00:03]} 8. b4 {[%emt 0:00:06]} Bb6 {[%emt 0:00:00]} 9. Bb2 {[%emt 0:00:06]} fxe5 {[%emt 0:00:02]} 10. Nxe5 {[%emt 0:00:04]} Nf6 {[%emt 0:00:02]} 11. O-O {[%emt 0:00:07]} O-O {[%emt 0:00:02]} 12. Nd2 {[%emt 0:00:01]} a5 {[%emt 0:00:02]} 13. b5 {[%emt 0:00:14]} Nxe5 {[%emt 0:00:02]} 14. Bxe5 {[%emt 0:00:01]} Bd7 {[%emt 0:00:03]} 15. a4 {[%emt 0:00:12]} Be8 {[%emt 0:00:01]} 16. Nb3 {[%emt 0:00:12]} Rc8 {[%emt 0:00:23]} 17. Qe2 {[%emt 0:00:10]} Qe7 {[%emt 0:00:05]} 18. Rae1 {[%emt 0:00:22]} Qb4 {[%emt 0:00:46]} 19. Kh1 {[%emt 0:00:24]} Bd7 {[%emt 0:00:14]} 20. f4 {[%emt 0:00:10]} Bc7 {[%emt 0:00:16]} 21. h3 {[%emt 0:00:15]} b6 {[%emt 0:00:21]} 22. Nd4 {[%emt 0:00:08]} Bxe5 {[%emt 0:00:09]} 23. Qxe5 {[%emt 0:00:02]} Rfe8 {[%emt 0:00:17]} 24. Nf3 {[%emt 0:00:37]} Qxa4 {[%emt 0:00:05]} 25. Qd6 {[%emt 0:00:08]} Qb4 {[%emt 0:00:11]} 26. Qxb6 {[%emt 0:00:05]} Rb8 {[%emt 0:00:01]} 27. Qa7 {[%emt 0:00:13]} Ra8 {[%emt 0:00:12]} 28. Qe3 {[%emt 0:00:03]} a4 {[%emt 0:00:02]} 29. Ra1 0-1

[Event "IMSA Blitz Men 2019"]
[Site "Hengshui"]
[Date "2019.05.18"]
[Round "9.2"]
[White "Jones, Gawain C B"]
[Black "Vidit, Santosh Gujrathi"]
[Result "1-0"]
[WhiteElo "2702"]
[BlackElo "2707"]
[Annotator "ChessBase"]
[PlyCount "57"]
[EventDate "2019.05.17"]
[EventType "blitz"]
[EventCountry "CHN"]
[SourceTitle "playchess.com"]
[Source "ChessBase"]
[SourceQuality "1"]
[TimeControl "180+2"]

1. e4 {[%emt 0:00:00]} c5 {[%emt 0:00:00]} 2. Nf3 {[%emt 0:00:06]} Nc6 {[%emt 0:00:00]} 3. Bb5 {[%emt 0:00:01]} e5 {[%emt 0:00:01]} 4. O-O {[%emt 0:00:07]} Bd6 {[%emt 0:00:02]} 5. c3 {[%emt 0:00:04]} a6 {[%emt 0:00:01]} 6. Ba4 {[%emt 0:00:17]} b5 {[%emt 0:00:01]} 7. Bc2 {[%emt 0:00:01]} Nge7 {[%emt 0:00:04]} 8. d4 {[%emt 0:00:01]} cxd4 {[%emt 0:00:03]} 9. cxd4 {[%emt 0:00:01]} exd4 {[%emt 0:00:03]} 10. Nxd4 {[%emt 0:00:03]} Nxd4 {[%emt 0:00:31]} 11. Qxd4 {[%emt 0:00:02]} Qc7 {[%emt 0:00:01]} 12. Qd3 {[%emt 0:00:24]} Bxh2+ {[%emt 0:00:05]} 13. Kh1 {[%emt 0:00:00]} Bf4 {[%emt 0:00:10]} 14. Nc3 {[%emt 0:00:04]} Bxc1 {[%emt 0:00:14]} 15. Raxc1 {[%emt 0:00:03]} Qe5 {[%emt 0:00:44]} 16. f4 {[%emt 0:00:23]} Qh5+ {[%emt 0:00:01]} 17. Kg1 {[%emt 0:00:00]} O-O {[%emt 0:00:10]} 18. Rf3 {[%emt 0:00:09]} Qc5+ {[%emt 0:00:24]} 19. Kh1 {[%emt 0:00:11]} Ng6 {[%emt 0:00:08]} 20. Qd2 {[%emt 0:00:39]} Bb7 {[%emt 0:00:15]} 21. Bb3 {[%emt 0:00:01]} Rac8 {[%emt 0:00:10]} 22. Re1 {[%emt 0:00:01]} d6 {[%emt 0:00:14]} 23. f5 {[%emt 0:00:05]} Ne5 {[%emt 0:00:03]} 24. Rg3 {[%emt 0:00:01]} Kh8 {[%emt 0:00:02]} 25. Qg5 {[%emt 0:00:06]} Rg8 {[%emt 0:00:03]} 26. Rh3 {[%emt 0:00:05]} Rge8 {[%emt 0:00:13]} 27. f6 {[%emt 0:00:13]} Ng6 {[%emt 0:00:01]} 28. fxg7+ {[%emt 0:00:04]} Kg8 {[%emt 0:00:03]} 29. Qh6 {[%emt 0:00:02]} 1-0

[Event "IMSA Blitz Men 2019"]
[Site "Hengshui"]
[Date "2019.05.18"]
[Round "9.2"]
[White "Gelfand, Boris"]
[Black "Andreikin, Dmitry"]
[Result "0-1"]
[WhiteElo "2676"]
[BlackElo "2722"]
[Annotator "ChessBase"]
[PlyCount "68"]
[EventDate "2019.05.17"]
[EventType "blitz"]
[EventCountry "CHN"]
[SourceTitle "playchess.com"]
[Source "ChessBase"]
[SourceQuality "1"]
[TimeControl "180+2"]

1. d4 {[%emt 0:00:00]} Nf6 {[%emt 0:00:00]} 2. c4 {[%emt 0:00:00]} e6 {[%emt 0:00:00]} 3. Nf3 {[%emt 0:00:01]} d5 {[%emt 0:00:00]} 4. g3 {[%emt 0:00:02]} Bb4+ {[%emt 0:00:02]} 5. Bd2 {[%emt 0:00:01]} Be7 {[%emt 0:00:01]} 6. Bg2 {[%emt 0:00:01]} O-O {[%emt 0:00:02]} 7. O-O {[%emt 0:00:02]} Nbd7 {[%emt 0:00:01]} 8. Qb3 {[%emt 0:00:02]} c6 {[%emt 0:00:04]} 9. Bf4 {[%emt 0:00:07]} Ne4 {[%emt 0:00:07]} 10. Nc3 {[%emt 0:00:04]} g5 {[%emt 0:00:06]} 11. Be3 {[%emt 0:00:02]} Nd6 {[%emt 0:00:03]} 12. cxd5 {[%emt 0:00:01]} exd5 {[%emt 0:00:01]} 13. Rad1 {[%emt 0:00:03]} f5 {[%emt 0:00:14]} 14. Ne5 {[%emt 0:00:11]} Nb6 {[%emt 0:00:09]} 15. Bc1 {[%emt 0:00:10]} f4 {[%emt 0:00:18]} 16. e4 {[%emt 0:00:17]} Kh8 {[%emt 0:00:41]} 17. exd5 {[%emt 0:00:38]} cxd5 {[%emt 0:00:01]} 18. Kh1 {[%emt 0:00:10]} Be6 {[%emt 0:00:27]} 19. gxf4 {[%emt 0:00:20]} gxf4 {[%emt 0:00:02]} 20. Rg1 {[%emt 0:00:00]} Bh4 {[%emt 0:00:16]} 21. Qc2 {[%emt 0:00:16]} Qf6 {[%emt 0:00:13]} 22. Qe2 {[%emt 0:00:32]} Rae8 {[%emt 0:00:23]} 23. Qh5 {[%emt 0:00:23]} Bxf2 {[%emt 0:00:01]} 24. Be4 {[%emt 0:00:06]} Nxe4 {[%emt 0:00:10]} 25. Nxe4 {[%emt 0:00:18]} dxe4 {[%emt 0:00:02]} 26. Ng6+ {[%emt 0:00:01]} Qxg6 {[%emt 0:00:02]} 27. Rxg6 {[%emt 0:00:01]} Bf7 {[%emt 0:00:01]} 28. Bxf4 {[%emt 0:00:01]} Bxg6 {[%emt 0:00:02]} 29. Be5+ {[%emt 0:00:01]} Kg8 {[%emt 0:00:03]} 30. Qe2 {[%emt 0:00:00]} e3 {[%emt 0:00:03]} 31. h4 {[%emt 0:00:01]} Nd5 {[%emt 0:00:07]} 32. h5 {[%emt 0:00:03]} Be4+ {[%emt 0:00:02]} 33. Kh2 {[%emt 0:00:01]} Bf3 {[%emt 0:00:03]} 34. Qc4 {[%emt 0:00:02]} Rf5 {[%emt 0:00:02]} 0-1

[Event "IMSA Blitz Men 2019"]
[Site "Hengshui"]
[Date "2019.05.18"]
[Round "9.2"]
[White "Cheparinov, Ivan"]
[Black "Fedoseev, Vladimir"]
[Result "0-1"]
[WhiteElo "2667"]
[BlackElo "2683"]
[Annotator "ChessBase"]
[PlyCount "64"]
[EventDate "2019.05.17"]
[EventType "blitz"]
[EventCountry "CHN"]
[SourceTitle "playchess.com"]
[Source "ChessBase"]
[SourceQuality "1"]
[TimeControl "180+2"]

1. d4 {[%emt 0:00:00]} Nf6 {[%emt 0:00:00]} 2. c4 {[%emt 0:00:00]} g6 {[%emt 0:00:00]} 3. Nc3 {[%emt 0:00:02]} Bg7 {[%emt 0:00:00]} 4. e4 {[%emt 0:00:01]} d6 {[%emt 0:00:01]} 5. h3 {[%emt 0:00:01]} O-O 6. Be3 Na6 {[%emt 0:00:03]} 7. g4 {[%emt 0:00:07]} c5 {[%emt 0:00:02]} 8. Nge2 {[%emt 0:00:06]} Be6 {[%emt 0:00:38]} 9. b3 {[%emt 0:00:32]} cxd4 {[%emt 0:00:31]} 10. Nxd4 {[%emt 0:00:01]} Bd7 {[%emt 0:00:37]} 11. Bg2 {[%emt 0:00:02]} Nc5 {[%emt 0:00:03]} 12. Qd2 {[%emt 0:00:12]} a6 {[%emt 0:00:01]} 13. O-O {[%emt 0:00:07]} Rb8 {[%emt 0:00:07]} 14. Rad1 {[%emt 0:00:19]} b5 {[%emt 0:00:08]} 15. cxb5 {[%emt 0:00:02]} axb5 {[%emt 0:00:00]} 16. e5 {[%emt 0:00:37]} dxe5 {[%emt 0:00:05]} 17. Nc6 {[%emt 0:00:01]} Bxc6 {[%emt 0:00:04]} 18. Qxd8 {[%emt 0:00:01]} Rfxd8 {[%emt 0:00:02]} 19. Bxc6 {[%emt 0:00:01]} Rdc8 {[%emt 0:00:05]} 20. Bxb5 {[%emt 0:00:17]} Nxb3 {[%emt 0:00:10]} 21. axb3 {[%emt 0:00:01]} Rxc3 {[%emt 0:00:02]} 22. Bc4 {[%emt 0:00:01]} h5 {[%emt 0:00:17]} 23. g5 {[%emt 0:00:07]} Ne4 {[%emt 0:00:02]} 24. Rd7 {[%emt 0:00:09]} Bf8 {[%emt 0:00:01]} 25. Ba7 {[%emt 0:00:08]} Rc8 {[%emt 0:00:09]} 26. f4 {[%emt 0:00:04]} Rxh3 {[%emt 0:00:09]} 27. fxe5 {[%emt 0:00:03]} Nxg5 {[%emt 0:00:02]} 28. Kg2 {[%emt 0:00:25]} Rc3 {[%emt 0:00:09]} 29. Bd4 {[%emt 0:00:05]} Rc2+ {[%emt 0:00:01]} 30. Kg3 {[%emt 0:00:03]} e6 {[%emt 0:00:08]} 31. Be3 {[%emt 0:00:01]} Rc3 {[%emt 0:00:02]} 32. Rd3 {[%emt 0:00:18]} R8xc4 {[%emt 0:00:02]} 0-1

[Event "IMSA Blitz Men 2019"]
[Site "Hengshui"]
[Date "2019.05.18"]
[Round "9.2"]
[White "Mamedov, Rauf"]
[Black "Yu, Yangyi"]
[Result "1-0"]
[WhiteElo "2650"]
[BlackElo "2739"]
[Annotator "RC"]
[PlyCount "67"]
[EventDate "2019.05.17"]
[EventType "blitz"]
[EventCountry "CHN"]
[SourceTitle "playchess.com"]
[Source "ChessBase"]
[SourceQuality "1"]
[TimeControl "180+2"]

1. Nf3 {[%emt 0:00:00]} Nf6 {[%emt 0:00:00]} 2. g3 {[%emt 0:00:01]} d5 {[%emt 0:00:00]} 3. Bg2 {[%emt 0:00:01]} c5 {[%emt 0:00:01]} 4. O-O {[%emt 0:00:02]} Nc6 {[%emt 0:00:01]} 5. d3 {[%emt 0:00:01]} e5 {[%emt 0:00:06]} 6. e4 {[%emt 0:00:03]} dxe4 {[%emt 0:00:04]} 7. dxe4 {[%emt 0:00:01]} Qxd1 {[%emt 0:00:01]} 8. Rxd1 {[%emt 0:00:01]} Nd4 {[%emt 0:00:01]} 9. Nxd4 {[%emt 0:00:14]} cxd4 {[%emt 0:00:00]} 10. c3 {[%emt 0:00:07]} Bg4 {[%emt 0:00:04]} 11. f3 {[%emt 0:00:06]} Be6 {[%emt 0:00:01]} 12. cxd4 {[%emt 0:00:01]} exd4 {[%emt 0:00:01]} 13. Bf4 {[%emt 0:00:09]} Bc5 {[%emt 0:00:06]} 14. Nd2 {[%emt 0:00:02]} Bb6 {[%emt 0:00:33]} 15. Bd6 {[%emt 0:00:06]} Rd8 {[%emt 0:00:14]} 16. Ba3 {[%emt 0:00:02]} h5 {[%emt 0:00:08]} 17. Bf1 {[%emt 0:00:17]} d3+ {[%emt 0:00:06]} 18. Kg2 {[%emt 0:00:01]} g5 {[%emt 0:00:01]} 19. e5 {[%emt 0:00:22]} Nd5 {[%emt 0:00:10]} 20. Ne4 {[%emt 0:00:01]} Ne3+ {[%emt 0:00:29]} 21. Kh1 {[%emt 0:00:02]} f5 {[%emt 0:00:03]} 22. exf6 {[%emt 0:00:26]} Nxd1 {[%emt 0:00:06]} 23. Rxd1 {[%emt 0:00:01]} Bd5 {[%emt 0:00:30]} 24. Nxg5 {[%emt 0:00:13]} Rg8 {[%emt 0:00:16]} 25. f7+ {[%emt 0:00:02]} Bxf7 26. Re1+ Be6 {[%emt 0:00:18]} 27. Nxe6 {[%emt 0:00:09]} d2 {[%emt 0:00:01]} 28. Bb5+ {[%emt 0:00:08]} Kf7 {[%emt 0:00:16]} 29. Nxd8+ {[%emt 0:00:01]} Rxd8 {[%emt 0:00:00]} 30. Rd1 {[%emt 0:00:01]} Be3 {[%emt 0:00:02]} 31. Bb4 {[%emt 0:00:07]} Kg6 {[%emt 0:00:05]} 32. Kg2 {[%emt 0:00:02]} Kf5 {[%emt 0:00:01]} 33. Bc3 {[%emt 0:00:02]} a6 {[%emt 0:00:02]} 34. Ba4 {[%emt 0:00:02]} 1-0

[Event "IMSA Blitz Men 2019"]
[Site "Hengshui"]
[Date "2019.05.18"]
[Round "10.1"]
[White "Dominguez Perez, Leinier"]
[Black "Yu, Yangyi"]
[Result "1-0"]
[WhiteElo "2750"]
[BlackElo "2739"]
[Annotator "ChessBase"]
[PlyCount "111"]
[EventDate "2019.05.17"]
[EventType "blitz"]
[EventCountry "CHN"]
[SourceTitle "playchess.com"]
[Source "ChessBase"]
[SourceQuality "1"]
[TimeControl "180+2"]

1. e4 {[%emt 0:00:00]} e6 {[%emt 0:00:00]} 2. d4 {[%emt 0:00:00]} d5 {[%emt 0:00:00]} 3. Nc3 {[%emt 0:00:00]} Bb4 {[%emt 0:00:00]} 4. e5 {[%emt 0:00:01]} c5 {[%emt 0:00:01]} 5. a3 {[%emt 0:00:01]} Bxc3+ {[%emt 0:00:01]} 6. bxc3 {[%emt 0:00:00]} Qa5 {[%emt 0:00:00]} 7. Bd2 {[%emt 0:00:02]} c4 {[%emt 0:00:01]} 8. Qg4 {[%emt 0:00:04]} g6 {[%emt 0:00:01]} 9. h4 {[%emt 0:00:04]} h6 {[%emt 0:00:02]} 10. Qf4 {[%emt 0:00:18]} Qa4 {[%emt 0:00:05]} 11. Ra2 {[%emt 0:00:20]} Nc6 {[%emt 0:00:01]} 12. Nf3 {[%emt 0:00:04]} Bd7 {[%emt 0:00:01]} 13. Be2 {[%emt 0:00:03]} Nge7 {[%emt 0:00:41]} 14. Nh2 {[%emt 0:00:11]} g5 {[%emt 0:00:18]} 15. Qf6 {[%emt 0:00:08]} O-O-O {[%emt 0:00:02]} 16. Ng4 {[%emt 0:00:01]} Qb5 {[%emt 0:00:15]} 17. Ra1 {[%emt 0:00:01]} Qb2 {[%emt 0:00:04]} 18. Rc1 {[%emt 0:00:01]} h5 {[%emt 0:00:08]} 19. hxg5 {[%emt 0:00:04]} Nf5 {[%emt 0:00:33]} 20. Nh6 {[%emt 0:00:11]} Nxh6 {[%emt 0:00:02]} 21. gxh6 {[%emt 0:00:01]} Rh7 {[%emt 0:00:00]} 22. Rxh5 {[%emt 0:00:10]} Rdh8 {[%emt 0:00:20]} 23. Rh4 {[%emt 0:00:06]} Qxa3 {[%emt 0:00:11]} 24. Rg4 {[%emt 0:00:07]} Ne7 {[%emt 0:00:24]} 25. Rg7 {[%emt 0:00:09]} Nf5 {[%emt 0:00:09]} 26. Qxf7 {[%emt 0:00:36]} Rxg7 {[%emt 0:00:28]} 27. hxg7 {[%emt 0:00:01]} Rh1+ {[%emt 0:00:01]} 28. Bf1 {[%emt 0:00:01]} Nxg7 {[%emt 0:00:02]} 29. Qxg7 {[%emt 0:00:01]} a5 {[%emt 0:00:01]} 30. Rb1 {[%emt 0:00:21]} Qa2 {[%emt 0:00:04]} 31. Qf8+ Kc7 32. Qd6+ {[%emt 0:00:02]} Kc8 {[%emt 0:00:01]} 33. Qb6 {[%emt 0:00:05]} Bc6 {[%emt 0:00:02]} 34. Qb2 {[%emt 0:00:02]} Qxb2 35. Rxb2 {[%emt 0:00:01]} a4 {[%emt 0:00:05]} 36. f3 {[%emt 0:00:04]} b5 {[%emt 0:00:01]} 37. Ra2 {[%emt 0:00:04]} Be8 {[%emt 0:00:01]} 38. Kf2 {[%emt 0:00:02]} Bg6 {[%emt 0:00:01]} 39. Bc1 {[%emt 0:00:04]} Kc7 {[%emt 0:00:03]} 40. Ba3 {[%emt 0:00:01]} Kc6 {[%emt 0:00:03]} 41. g4 {[%emt 0:00:04]} Bh7 42. Ra1 {[%emt 0:00:05]} Bxc2 {[%emt 0:00:07]} 43. Re1 {[%emt 0:00:01]} Bg6 {[%emt 0:00:02]} 44. Bg2 {[%emt 0:00:03]} Rh8 {[%emt 0:00:02]} 45. Rh1 {[%emt 0:00:03]} Rg8 {[%emt 0:00:01]} 46. Kg3 {[%emt 0:00:03]} Bd3 {[%emt 0:00:01]} 47. f4 {[%emt 0:00:05]} Bf5 {[%emt 0:00:02]} 48. Bf3 {[%emt 0:00:02]} Bd3 {[%emt 0:00:02]} 49. Rh6 {[%emt 0:00:02]} Kd7 {[%emt 0:00:01]} 50. Rf6 {[%emt 0:00:07]} Rb8 {[%emt 0:00:06]} 51. Rf7+ {[%emt 0:00:02]} Kc6 {[%emt 0:00:01]} 52. Re7 {[%emt 0:00:01]} b4 {[%emt 0:00:01]} 53. Rxe6+ {[%emt 0:00:04]} Kc7 {[%emt 0:00:01]} 54. Bxb4 {[%emt 0:00:03]} Rxb4 55. cxb4 {[%emt 0:00:00]} a3 {[%emt 0:00:03]} 56. Ra6 {[%emt 0:00:03]} 1-0

[Event "IMSA Blitz Men 2019"]
[Site "Hengshui"]
[Date "2019.05.18"]
[Round "10.1"]
[White "Wang, Hao"]
[Black "Cheparinov, Ivan"]
[Result "1-0"]
[WhiteElo "2735"]
[BlackElo "2667"]
[Annotator "RC"]
[PlyCount "69"]
[EventDate "2019.05.17"]
[EventType "blitz"]
[EventCountry "CHN"]
[SourceTitle "playchess.com"]
[Source "ChessBase"]
[SourceQuality "1"]
[TimeControl "180+2"]

1. e4 {[%emt 0:00:00]} e5 {[%emt 0:00:00]} 2. Nf3 {[%emt 0:00:01]} Nc6 {[%emt 0:00:00]} 3. Bc4 {[%emt 0:00:01]} Bc5 {[%emt 0:00:01]} 4. c3 {[%emt 0:00:01]} Nf6 {[%emt 0:00:01]} 5. d3 {[%emt 0:00:01]} d6 {[%emt 0:00:02]} 6. O-O {[%emt 0:00:01]} O-O {[%emt 0:00:01]} 7. a4 {[%emt 0:00:01]} a5 {[%emt 0:00:02]} 8. Nbd2 {[%emt 0:00:02]} Be6 {[%emt 0:00:05]} 9. h3 {[%emt 0:00:10]} h6 {[%emt 0:00:04]} 10. Re1 {[%emt 0:00:03]} Qd7 {[%emt 0:00:06]} 11. Bb5 {[%emt 0:00:08]} Qc8 {[%emt 0:00:16]} 12. Nf1 {[%emt 0:00:16]} Na7 {[%emt 0:00:42]} 13. d4 {[%emt 0:00:06]} exd4 {[%emt 0:00:01]} 14. cxd4 {[%emt 0:00:01]} Bb4 {[%emt 0:00:03]} 15. Bd2 {[%emt 0:00:02]} Nxb5 {[%emt 0:00:16]} 16. axb5 {[%emt 0:00:03]} d5 {[%emt 0:00:30]} 17. e5 {[%emt 0:00:36]} Ne4 {[%emt 0:00:19]} 18. Bxb4 {[%emt 0:00:02]} axb4 {[%emt 0:00:01]} 19. N1d2 {[%emt 0:00:04]} Qd7 {[%emt 0:00:17]} 20. Qe2 {[%emt 0:00:06]} Bf5 {[%emt 0:00:09]} 21. Nb3 {[%emt 0:00:13]} Rfe8 {[%emt 0:00:12]} 22. Rec1 {[%emt 0:00:12]} Rxa1 {[%emt 0:00:05]} 23. Rxa1 {[%emt 0:00:01]} Nd6 {[%emt 0:00:01]} 24. b6 {[%emt 0:00:19]} cxb6 {[%emt 0:00:05]} 25. Qd2 {[%emt 0:00:03]} Nc4 {[%emt 0:00:01]} 26. Qxb4 {[%emt 0:00:02]} Rc8 {[%emt 0:00:08]} 27. Nbd2 {[%emt 0:00:06]} Qc6 {[%emt 0:00:08]} 28. Nf1 {[%emt 0:00:09]} Be4 {[%emt 0:00:02]} 29. N3d2 {[%emt 0:00:05]} Nxd2 {[%emt 0:00:04]} 30. Nxd2 {[%emt 0:00:02]} Qg6 {[%emt 0:00:08]} 31. Nxe4 {[%emt 0:00:03]} dxe4 {[%emt 0:00:02]} 32. d5 {[%emt 0:00:08]} Rc2 {[%emt 0:00:05]} 33. Qd4 {[%emt 0:00:03]} Kh7 {[%emt 0:00:06]} 34. d6 {[%emt 0:00:02]} Qf5 {[%emt 0:00:02]} 35. Rd1 {[%emt 0:00:11]} 1-0